LIBRARY ONLINE CATALOGUE

Focus on nutrition / (Record no. 11942)

MARC details
000 -LEADER
fixed length control field 00623nam a22002052 4500
001 - CONTROL NUMBER
control field 0000004796
005 - DATE AND TIME OF LATEST TRANSACTION
control field 20151217155210.0
008 - FIXED-LENGTH DATA ELEMENTS--GENERAL INFORMATION
fixed length control field 070529s xx 000 0 eng d
040 ## - CATALOGING SOURCE
Original cataloging agency KABU
Transcribing agency KABU
050 #0 - LIBRARY OF CONGRESS CALL NUMBER
Classification number QP141
Item number .D798 1994
100 1# - MAIN ENTRY--PERSONAL NAME
Personal name Dupuy, Nancy Anne.
-- 0000155603
245 10 - TITLE STATEMENT
Title Focus on nutrition /
Statement of responsibility, etc. Nancy A. Dupuy, Virginia Lee Mermel.
260 ## - PUBLICATION, DISTRIBUTION, ETC. (IMPRINT)
Place of publication, distribution, etc. Madison, W1 :
Name of publisher, distributor, etc. Brown & Benchmark,
Date of publication, distribution, etc. 1994.
300 ## - PHYSICAL DESCRIPTION
Extent xxi, 250 p.
650 #0 - SUBJECT ADDED ENTRY--TOPICAL TERM
Topical term or geographic name as entry element Nutrition.
-- 0000155604
700 1# - ADDED ENTRY--PERSONAL NAME
Personal name Mermel, Virginia Lee.
-- 0000155605
908 ## - PUT COMMAND PARAMETER (RLIN)
Put command parameter 070529
950 ## - LOCAL HOLDINGS (RLIN)
-- 1
Holdings
Withdrawn status Lost status Source of classification or shelving scheme Not for loan Home library Current library Date acquired Total Checkouts Full call number Barcode Date last seen Date last checked out Price effective from Koha item type
    Library of Congress Classification   Kabarak, Main Campus Kabarak, Main Campus 17/12/2015 4 QP141 .D798 1994 010448 02/11/2017 22/09/2017 17/12/2015 General Collection